Taylor Swift's highest streamed songs from each album - Statistics

General Stats
  • This quiz has been taken 39 times
    18 since last reset
  • The average score is 14 of 16
Answer Stats
Album Streams Song Title % Correct
The Life Of a Showgirl 1,016,061,404 The Fate Of Ophelia
100%
Red (Taylor's Version) 1,160,968,746 All Too Well (TMVTVFTV)
93%
Midnights 1,967,362,811 Anti-Hero
93%
1989 2,346,826,250 Blank Space
93%
folklore 1,906,985,492 cardigan
93%
Lover 3,242,178,403 Cruel Summer
93%
The Tortured Poets Department 1,116,539,764 Fortnight (Feat. Post Malone)
93%
Fearless 1,092,464,977 Love Story
93%
evermore 1,065,144,957 willow
93%
reputation 1,555,796,605 Don't Blame Me
86%
Speak Now 1,001,659,897 Enchanted
86%
Red 1,077,321,029 I Knew You Were Trouble.
86%
Taylor Swift 451,638,211 Our Song
86%
Speak Now (Taylor's Version) 497,032,830 Enchanted (Taylor's Version)
71%
Fearless (Taylor's Version) 1,142,300,213 Love Story (Taylor's Version)
71%
1989 (Taylor's Version) 1,000,175,758 Wildest Dreams (Taylor's Version)
71%
No matching quizzes found
Score Distribution
Percent of People with Each Score
Percentile by Number Answered
Your Score History
You have not taken this quiz since the last reset